MARC

LEADER 00000nam0a2200000 4500
001 65762
005 20231101212224.0
010 |a 5279027294 
035 |a (RuTPU)RU\TPU\book\69809 
090 |a 65762 
100 |a 20040628d2004 m y0rusy50 ca 
101 0 |a rus 
102 |a RU 
105 |a a j 001zy 
200 1 |a Экономика туризма  |e учебник  |f А. Б. Здоров  |g Российская международная академия туризма 
210 |a Москва  |c Финансы и статистика  |d 2004 
215 |a 267 с.  |c ил. 
320 |a Библиогр.: с. 263-264. 
451 1 |0 (RuTPU)RU\TPU\book\105374  |y 5-279-02729-4  |t Экономика туризма  |o учебник для вузов  |f А. Б. Здоров  |g Российская международная академия туризма  |c М.  |n Финансы и статистика  |d 2005  |p 268 с.  |a Здоров, Александр Борисович 
606 1 |a Туризм  |x Экономика  |2 stltpush  |3 (RuTPU)RU\TPU\subj\53770  |9 71935 
610 1 |a экономика 
610 1 |a туризм 
610 1 |a туристическая деятельность 
610 1 |a туристическая индустрия 
610 1 |a туристические предприятия 
610 1 |a туристический бизнес 
610 1 |a региональные программы 
610 1 |a нематериальные активы 
610 1 |a основные фонды 
610 1 |a инвестиции 
610 1 |a себестоимость 
610 1 |a ценообразование 
610 1 |a экономический анализ 
610 1 |a международный туризм 
610 1 |a учебники 
686 |a У9(2)43я73  |v LBC/SL-A  |2 rubbk 
700 1 |a Здоров  |b А. Б.  |g Александр Борисович 
712 0 2 |a Российская международная академия туризма  |2 stltpush  |3 (RuTPU)RU\TPU\col\168 
801 1 |a RU  |b 63413507  |c 20040628  |g PSBO 
801 2 |a RU  |b 63413507  |c 20170220  |g PSBO 
900 |a Экономика и организация сервисных услуг 
900 |a Экономика отечественного и международного туризма 
900 |a Финансово-экономическая деятельность предприятия туриндустрии 
942 |c BK 
954 |a 521500